[Event "Essex league"]
[Site "?"]
[Date "1980.12.11"]
[Round "?"]
[White "Staunton, H."]
[Black "Stebbings, A."]
[Result "0-1"]
[WhiteElo "1960"]
[BlackElo "2256"]
[PlyCount "114"]
[EventDate "1980.??.??"]

1. Nf3 d5 2. d4 Nf6 3. e3 g6 4. Bd3 Bg7 5. Nbd2 c5 6. c3 Nbd7 7. O-O O-O 8. e4
dxe4 9. Nxe4 cxd4 10. Nxf6+ Nxf6 11. Nxd4 e5 12. Nb3 Qc7 13. Bg5 h6 14. Bh4 Be6
15. Re1 Nh5 16. f3 Nf4 17. Bf1 Bf5 18. g4 Be6 19. Qd2 Bd5 20. Qe3 h5 21. g5
Rfe8 22. Nd2 Bf8 23. Ne4 Bxe4 24. Qxe4 Qb6+ 25. Bf2 Qxb2 26. Rab1 Qxc3 27. Rxb7
Bc5 28. Bxc5 Qxc5+ 29. Qe3 Qd5 30. Qb3 Qxb3 31. axb3 Reb8 32. Rd7 Rxb3 33. Kf2
Rc8 34. Rxe5 Rc2+ 35. Kg3 Ne6 36. Rd3 Rb1 37. Re2 Rxe2 38. Bxe2 Rg1+ 39. Kf2
Rxg5 40. Ra3 a5 41. h4 Re5 42. Ra4 Kg7 43. Bc4 Kf6 44. Kg3 Ke7 45. Bb3 Nc5 46.
Rxa5 Ne4+ 47. fxe4 Rxa5 48. Kf4 Ra3 49. Bd1 Rh3 50. Kg5 Rg3+ 51. Kf4 Rg1 52.
Be2 Kf6 53. e5+ Ke6 54. Bc4+ Ke7 55. Be2 Rg2 56. Bd1 Rd2 57. Bf3 Ke6 0-1

[Event "County match"]
[Site "?"]
[Date "1980.12.13"]
[Round "?"]
[White "Eales, R."]
[Black "Stebbings, A."]
[Result "1-0"]
[WhiteElo "2216"]
[BlackElo "2256"]
[PlyCount "63"]
[EventDate "1980.??.??"]

1. d4 Nf6 2. c4 e6 3. g3 Bb4+ 4. Nd2 d5 5. Bg2 O-O 6. Qc2 b6 7. Ngf3 Bb7 8.
cxd5 exd5 9. Ne5 Re8 10. O-O Bd6 11. Ndf3 c5 12. Bf4 Na6 13. Ng5 Re7 14. Ng4
Ne4 15. Nxe4 dxe4 16. Bg5 f6 17. Qc4+ Kf8 18. Nxf6 gxf6 19. Bh6+ Ke8 20. Bh3
Rf7 21. dxc5 Nxc5 22. Rad1 Ba6 23. Qc2 Qc7 24. b4 Bd3 25. exd3 Nxd3 26. Qa4+
Ke7 27. Qb3 f5 28. Qd5 Qc8 29. Bg5+ Ke8 30. Qxd6 Rb8 31. Rxd3 exd3 32. Re1+ 1-0

[Event "Eastman cup"]
[Site "London"]
[Date "1980.12.15"]
[Round "?"]
[White "Stebbings, A."]
[Black "Holmes, R."]
[Result "1-0"]
[WhiteElo "2256"]
[BlackElo "2216"]
[PlyCount "87"]
[EventDate "1980.??.??"]

1. e4 c5 2. Nf3 d6 3. d4 cxd4 4. Nxd4 Nf6 5. Nc3 g6 6. Be2 Bg7 7. O-O Nc6 8.
Nb3 O-O 9. Bg5 Be6 10. Kh1 Na5 11. Nd5 Bxd5 12. exd5 Nxb3 13. axb3 a6 14. c3
Qd7 15. Qd3 Rfc8 16. b4 b5 17. h3 Qb7 18. Bf3 h6 19. Be3 Nd7 20. Bg4 Rc4 21.
Qd2 Kh7 22. Ra5 Nb6 23. Bxb6 Qxb6 24. Bd7 Ra7 25. Bc6 Rxc6 26. dxc6 Qxc6 27.
Qe3 Qb7 28. Qf3 Qxf3 29. gxf3 d5 30. Rfa1 d4 31. cxd4 Bxd4 32. Rxa6 Rc7 33.
R6a5 Bxb2 34. Rb1 Rc2 35. Ra2 Rc1+ 36. Rxc1 Bxc1 37. Ra5 Kg7 38. Rxb5 Kf6 39.
Rb7 Ke6 40. Rc7 Bf4 41. Rc6+ Kd5 42. b5 Bd6 43. Kg2 e5 44. Kf1 1-0

[Event "Essex league"]
[Site "?"]
[Date "1980.12.18"]
[Round "?"]
[White "Stebbings, A."]
[Black "Harding, C."]
[Result "1-0"]
[WhiteElo "2256"]
[BlackElo "2080"]
[PlyCount "113"]
[EventDate "1980.??.??"]

1. d4 Nf6 2. c4 g6 3. Nc3 d5 4. Nf3 Bg7 5. Qb3 dxc4 6. Qxc4 O-O 7. e4 Nfd7 8.
Be3 Nb6 9. Qb3 Bg4 10. Rd1 Nc6 11. d5 Ne5 12. Be2 Nxf3+ 13. gxf3 Bh3 14. Rg1
Kh8 15. Rg3 Bd7 16. f4 e5 17. dxe6 fxe6 18. f5 gxf5 19. exf5 Qe8 20. fxe6 Bxe6
21. Qb4 Qf7 22. Qh4 Bf6 23. Qh6 Rg8 24. Ne4 Rxg3 25. hxg3 Bg7 26. Qh4 Bf5 27.
Ng5 Qe7 28. Bd3 Bxd3 29. Rxd3 Bf6 30. Qh5 Rf8 31. Kf1 Bxg5 32. Bxg5 Qe4 33. Rd2
Qe5 34. Qh6 Kg8 35. Re2 Qf5 36. Be7 Rc8 37. Bf6 Qg6 38. Qh4 Re8 39. Rxe8+ Qxe8
40. Bd4 c6 41. Qf6 Qg6 42. Qxg6+ hxg6 43. Bxb6 axb6 44. Ke2 Kf7 45. Ke3 Ke6 46.
Ke4 b5 47. a3 b6 48. f4 c5 49. g4 b4 50. axb4 cxb4 51. Kd4 b3 52. Kc4 b5+ 53.
Kxb3 Kd5 54. Kb4 Ke4 55. f5 gxf5 56. gxf5 Kxf5 57. Kxb5 1-0

[Event "London league"]
[Site "?"]
[Date "1981.01.14"]
[Round "?"]
[White "Stebbings, A."]
[Black "Green, B."]
[Result "1/2-1/2"]
[WhiteElo "2256"]
[BlackElo "2040"]
[PlyCount "80"]
[EventDate "1981.??.??"]

1. d4 Nf6 2. c4 c5 3. Nf3 g6 4. Nc3 Bg7 5. e4 cxd4 6. Nxd4 O-O 7. Be2 d6 8. O-O
Nc6 9. Nc2 Be6 10. Kh1 Rc8 11. f3 Na5 12. b3 a6 13. Bd2 Bd7 14. Rc1 Nc6 15. Bg5
h6 16. Be3 Ne5 17. Qd2 Kh7 18. Nd4 h5 19. Rfd1 Rh8 20. h3 Kg8 21. f4 Nc6 22.
Nxc6 Bxc6 23. e5 Qd7 24. Kg1 dxe5 25. fxe5 Qxd2 26. Rxd2 Nd7 27. Nd5 Bxd5 28.
Rxd5 Nxe5 29. Bf4 Nc6 30. Rd7 Kh7 31. Rxb7 Bd4+ 32. Kh1 Rhd8 33. b4 Bf6 34. c5
Rd4 35. Bh2 Nxb4 36. a3 Nd3 37. Bxd3 Rxd3 38. c6 Rc3 39. Rxc3 Bxc3 40. Rxe7
Rxc6 1/2-1/2

[Event "Essex league"]
[Site "?"]
[Date "1981.01.15"]
[Round "?"]
[White "Stebbings, A."]
[Black "Lewis, A."]
[Result "0-1"]
[WhiteElo "2256"]
[BlackElo "2144"]
[PlyCount "68"]
[EventDate "1981.??.??"]

1. e4 c5 2. Nf3 Nc6 3. d4 cxd4 4. Nxd4 Nf6 5. Nc3 d6 6. f4 e6 7. Be3 Be7 8. Qf3
Qc7 9. O-O-O a6 10. g4 Nxd4 11. Rxd4 b5 12. g5 Nd7 13. Kb1 Rb8 14. Rd1 Nc5 15.
Bd3 b4 16. Ne2 O-O 17. Rhg1 Bd7 18. f5 Nxd3 19. cxd3 exf5 20. exf5 Rfc8 21. f6
Bc6 22. Qf4 Bd5 23. Nd4 Bf8 24. b3 a5 25. Rc1 Qb7 26. Rxc8 Rxc8 27. Rc1 a4 28.
Rxc8 Qxc8 29. Qf5 Qc3 30. Qxd5 Qxd3+ 31. Kc1 Qxe3+ 32. Kc2 Qc3+ 33. Kb1 a3 34.
Qg2 Qxd4 0-1

[Event "National Club ch."]
[Site "?"]
[Date "1981.01.22"]
[Round "?"]
[White "Powell, I."]
[Black "Stebbings, A."]
[Result "1/2-1/2"]
[WhiteElo "2000"]
[BlackElo "2256"]
[PlyCount "80"]
[EventDate "1981.??.??"]

1. d4 Nf6 2. c4 g6 3. Nc3 d5 4. cxd5 Nxd5 5. e4 Nxc3 6. bxc3 Bg7 7. Bc4 c5 8.
Ne2 O-O 9. O-O Nc6 10. Be3 Qc7 11. Rc1 Rd8 12. Qd2 b6 13. Rfd1 Bb7 14. a4 Na5
15. Qa2 Nxc4 16. Qxc4 Qd7 17. f3 cxd4 18. cxd4 Rac8 19. Qb4 Ba6 20. Kf2 Rxc1
21. Rxc1 Bxe2 22. Kxe2 Bxd4 23. Bxd4 Qxd4 24. Qxd4 Rxd4 25. a5 bxa5 26. Rc7 Kf8
27. Rxa7 a4 28. Ke3 Rb4 29. Kf4 f6 30. h4 f5 31. g4 fxe4 32. fxe4 Kf7 33. h5
gxh5 34. gxh5 Kf6 35. Ra5 e6 36. Ra6 h6 37. Ra5 Rc4 38. Ra6 Rc5 39. Rxa4 Rxh5
40. Kg4 Rh1 1/2-1/2

[Event "Essex league"]
[Site "?"]
[Date "1981.01.29"]
[Round "?"]
[White "Stebbings, A."]
[Black "Kalinsky, S."]
[Result "1-0"]
[WhiteElo "2256"]
[BlackElo "2104"]
[PlyCount "72"]
[EventDate "1981.??.??"]

1. e4 d6 2. d4 Nf6 3. Nc3 g6 4. f4 Bg7 5. Nf3 O-O 6. Be3 b6 7. e5 Ng4 8. Bg1 c5
9. h3 cxd4 10. Qxd4 Nc6 11. Qe4 d5 12. Qxd5 Qxd5 13. Nxd5 Nh6 14. Bb5 Nd8 15.
Nxe7+ Kh8 16. Nxc8 Rxc8 17. O-O-O Rc7 18. Rd7 Ne6 19. Rxc7 Nxc7 20. Bc6 f6 21.
Bh2 fxe5 22. fxe5 Nf5 23. Rd1 Bh6+ 24. Kb1 Ne3 25. Rd7 Ne6 26. Rxa7 Nd4 27. Be4
Nxg2 28. Ra8 Rxa8 29. Bxa8 Nf5 30. a4 Be3 31. Be4 Nf4 32. Bxf5 gxf5 33. Bxf4
Bxf4 34. c3 Be3 35. Kc2 Kg7 36. Kd3 f4 1-0

[Event "County match"]
[Site "?"]
[Date "1981.01.31"]
[Round "?"]
[White "Pritchett, C."]
[Black "Stebbings, A."]
[Result "1-0"]
[WhiteElo "2416"]
[BlackElo "2256"]
[PlyCount "55"]
[EventDate "1981.??.??"]

1. e4 e6 2. d4 d5 3. Nc3 Bb4 4. e5 c5 5. a3 Bxc3+ 6. bxc3 Ne7 7. a4 Qa5 8. Bd2
Nbc6 9. Nf3 Bd7 10. Bd3 f6 11. O-O fxe5 12. c4 Qc7 13. cxd5 exd5 14. Nxe5 Nxe5
15. Bf4 Bg4 16. Bxe5 Qxe5 17. Qxg4 Qxd4 18. Bb5+ Kf7 19. Qd7 c4 20. Ra3 c3 21.
Re1 Qf6 22. Rxc3 Rhd8 23. Rxe7+ Kf8 24. Qe6 Qxe7 25. Rf3+ Qf6 26. Rxf6+ gxf6
27. Qxf6+ Kg8 28. h4 1-0

[Event "Essex league"]
[Site "?"]
[Date "1981.02.05"]
[Round "?"]
[White "Stebbings, A."]
[Black "Turner, T."]
[Result "1-0"]
[WhiteElo "2256"]
[BlackElo "1968"]
[PlyCount "120"]
[EventDate "1981.??.??"]

1. d4 Nf6 2. c4 e5 3. dxe5 Ng4 4. Nf3 Nc6 5. e3 Ngxe5 6. Be2 d6 7. Nc3 Be7 8.
b3 O-O 9. Bb2 b6 10. O-O Bb7 11. Qd2 Re8 12. Rad1 Bf8 13. Nd5 Ne7 14. Ne1 Nxd5
15. cxd5 Be7 16. Bb5 Nd7 17. Rc1 a6 18. Bc6 Bxc6 19. Rxc6 Ne5 20. Rc2 Bf6 21.
Bd4 Nd7 22. Nf3 Ne5 23. Ne1 Rc8 24. b4 c5 25. dxc6 Rxc6 26. Rxc6 Nxc6 27. Bxf6
Qxf6 28. Nf3 Ne5 29. Nd4 Nc4 30. Qc2 b5 31. a4 Qe5 32. axb5 axb5 33. Ra1 g6 34.
h3 f5 35. Qd1 Qd5 36. Ra7 Ne5 37. Qa1 Rf8 38. Qa5 f4 39. Qc7 Nf7 40. Qe7 fxe3
41. fxe3 Qe5 42. Qxe5 Nxe5 43. Rb7 Nd3 44. Rxb5 Re8 45. Nc2 Re4 46. Rb8+ Kf7
47. b5 Rc4 48. Nd4 Rc1+ 49. Kh2 Re1 50. b6 Nc5 51. Rh8 Kg7 52. Rd8 Rxe3 53. b7
Nxb7 54. Rd7+ Kf6 55. Rxb7 h5 56. Rd7 Ke5 57. Nf3+ Ke6 58. Ra7 Rd3 59. Ra5 d5
60. Ra6+ Kf5 1-0

[Event "London league"]
[Site "?"]
[Date "1981.02.10"]
[Round "?"]
[White "Stebbings, A."]
[Black "Hodgson, JM."]
[Result "1/2-1/2"]
[WhiteElo "2256"]
[BlackElo "2400"]
[PlyCount "97"]
[EventDate "1981.??.??"]

1. e4 c5 2. Nf3 d6 3. d4 cxd4 4. Nxd4 Nf6 5. Nc3 Nc6 6. f4 Qb6 7. Nb3 g6 8. Nd5
Nxd5 9. exd5 Na5 10. Qd4 Nxb3 11. Qa4+ Bd7 12. Qxb3 Bg7 13. Qxb6 axb6 14. Bc4
O-O 15. O-O Rfc8 16. Bb3 Ba4 17. Bxa4 Rxa4 18. c3 Ra5 19. Rd1 Rcc5 20. Be3 Rxd5
21. Rxd5 Rxd5 22. a4 Bh6 23. Ra3 b5 24. Rb3 bxa4 25. Rxb7 e5 26. Ra7 Rb5 27.
Bc1 Bxf4 28. Bxf4 exf4 29. Rxa4 f3 30. b4 fxg2 31. Kxg2 Kf8 32. Ra7 Kg7 33. Ra6
Rd5 34. c4 Rd4 35. Rc6 d5 36. b5 dxc4 37. b6 Rd2+ 38. Kg3 Rb2 39. h3 c3 40.
Rxc3 Rxb6 41. Rc7 Rb3+ 42. Kg2 Rb4 43. Kg3 g5 44. Ra7 Kg6 45. Rc7 f6 46. Ra7 h5
47. Ra8 Rc4 48. Ra3 Kf5 49. Ra5+ 1/2-1/2

[Event "Essex league"]
[Site "?"]
[Date "1981.02.12"]
[Round "?"]
[White "Smith, IB."]
[Black "Stebbings, A."]
[Result "1/2-1/2"]
[WhiteElo "2096"]
[BlackElo "2256"]
[PlyCount "74"]
[EventDate "1981.??.??"]

1. e4 e6 2. d4 d5 3. Nc3 Bb4 4. exd5 exd5 5. Bd3 Nc6 6. a3 Bxc3+ 7. bxc3 Be6 8.
Qf3 Nge7 9. Qg3 O-O 10. Bh6 Ng6 11. Bg5 Qd6 12. Ne2 Qxg3 13. hxg3 h6 14. Bd2
Na5 15. f4 Ne7 16. Rh5 Bg4 17. Rh4 h5 18. f5 Bxf5 19. Rxh5 g6 20. Rh2 f6 21.
Bf4 Rac8 22. Kf2 g5 23. Be3 Kg7 24. g4 Bxd3 25. cxd3 Rh8 26. Rah1 Rxh2 27. Rxh2
Rh8 28. Rh3 Rxh3 29. gxh3 Ng6 30. Ng3 Nh4 31. Nf5+ Nxf5 32. gxf5 b5 33. Kf3 Nc6
34. Kg4 Ne7 35. Bf2 c6 36. h4 gxh4 37. Bxh4 Nc8 1/2-1/2

[Event "County match"]
[Site "?"]
[Date "1981.02.14"]
[Round "?"]
[White "Byway, P."]
[Black "Stebbings, A."]
[Result "0-1"]
[WhiteElo "2184"]
[BlackElo "2256"]
[PlyCount "81"]
[EventDate "1981.??.??"]

1. Nf3 d5 2. b3 Bg4 3. e3 e6 4. Bb2 Nf6 5. h3 Bh5 6. Be2 Nbd7 7. O-O Bd6 8. d3
O-O 9. Nbd2 e5 10. Nh4 Bxe2 11. Qxe2 Re8 12. Nf5 Bf8 13. e4 c6 14. Nf3 g6 15.
Ng3 Qb6 16. Nh2 Rad8 17. Ng4 Nxg4 18. hxg4 h6 19. Kh2 Bg7 20. Rh1 Bf6 21. Bc1
Bg5 22. Bxg5 hxg5 23. Kg1 Kg7 24. Qf3 f6 25. Nf5+ gxf5 26. Qxf5 Nf8 27. g3 Qc7
28. Kg2 Qd7 29. Qf3 Ng6 30. Rh5 Rh8 31. Rah1 dxe4 32. dxe4 Qe6 33. Qe2 Ne7 34.
Kf3 Rxh5 35. gxh5 f5 36. Qe3 fxe4+ 37. Kg2 Qg4 38. Re1 Kh6 39. Qxe4 Qxe4+ 40.
Rxe4 Kxh5 41. Rxe5 0-1

[Event "Eastman cup"]
[Site "London"]
[Date "1981.02.19"]
[Round "?"]
[White "Malcolm, D."]
[Black "Stebbings, A."]
[Result "1-0"]
[WhiteElo "2072"]
[BlackElo "2256"]
[PlyCount "71"]
[EventDate "1981.??.??"]

1. e4 e6 2. d4 d5 3. e5 c5 4. c3 Nc6 5. Nf3 Bd7 6. Be3 Qc7 7. Be2 cxd4 8. cxd4
f6 9. exf6 Nxf6 10. Nc3 a6 11. O-O Bd6 12. g3 O-O 13. Rc1 Kh8 14. a3 Rae8 15.
b4 Qd8 16. Nh4 Ne7 17. Bd3 Nf5 18. Bxf5 exf5 19. Bg5 Be6 20. Ne2 Qb6 21. Bf4
Bd7 22. Re1 Bxf4 23. Nxf4 Rxe1+ 24. Qxe1 Re8 25. Qd2 g5 26. Nfg6+ hxg6 27.
Nxg6+ Kg7 28. Ne5 Ne4 29. Qe2 Bb5 30. Qh5 Re7 31. Rc8 Rxe5 32. Qh8+ Kf7 33.
Rf8+ Ke7 34. Qg7+ Kd6 35. dxe5+ Kc6 36. Rc8+ 1-0

[Event "National Club ch."]
[Site "?"]
[Date "1981.03.08"]
[Round "?"]
[White "Stebbings, A."]
[Black "Flear, G."]
[Result "0-1"]
[WhiteElo "2256"]
[BlackElo "2304"]
[PlyCount "84"]
[EventDate "1981.??.??"]

1. d4 d5 2. c4 e6 3. Nc3 Nf6 4. cxd5 exd5 5. Bg5 c6 6. e3 Be7 7. Bd3 Nbd7 8.
Qc2 O-O 9. Nf3 Re8 10. O-O g6 11. Rab1 a5 12. a3 Nb6 13. Nd2 Nh5 14. Bxe7 Qxe7
15. b4 axb4 16. axb4 Nf6 17. b5 c5 18. dxc5 Qxc5 19. Nb3 Qd6 20. h3 Bd7 21. Nd4
Rec8 22. Ra1 Ra3 23. Nde2 Nc4 24. Bxc4 dxc4 25. Nd4 Rxa1 26. Rxa1 Nd5 27. Qb2
Qe5 28. Ra7 Nxc3 29. Qxc3 Qe4 30. Kf1 Bxb5 31. Ra1 Bd7 32. Rd1 Qe5 33. Qb4 b5
34. Nf3 Qe8 35. Qc3 Bf5 36. Ne5 b4 37. Qd4 c3 38. e4 c2 39. Rc1 Rd8 40. Qb2
Rd1+ 41. Ke2 Rxc1 42. exf5 Rb1 0-1

[Event "Essex league"]
[Site "?"]
[Date "1981.04.02"]
[Round "?"]
[White "Kalinsky, S."]
[Black "Stebbings, A."]
[Result "0-1"]
[WhiteElo "2104"]
[BlackElo "2256"]
[PlyCount "74"]
[EventDate "1981.??.??"]

1. e4 e6 2. d4 d5 3. Nd2 Nf6 4. e5 Nfd7 5. c3 c5 6. Bd3 Nc6 7. Ngf3 Qb6 8. O-O
cxd4 9. cxd4 Nxd4 10. Nxd4 Qxd4 11. Nf3 Qb6 12. Qa4 Qb4 13. Qc2 Be7 14. Bd2 Qc5
15. Bxh7 b6 16. Qb1 Qc7 17. Rc1 Qb8 18. Bf4 Ba6 19. Bd3 Qb7 20. Bxa6 Qxa6 21.
b4 Qa3 22. Bd2 O-O 23. Rc7 Qa4 24. b5 Rfd8 25. Ng5 Qh4 26. Qc1 Bc5 27. Qe1 a6
28. Nf3 Qe4 29. Bg5 f6 30. exf6 gxf6 31. Bh4 axb5 32. Qd2 Qf5 33. Re1 Ra4 34.
Qe2 Nf8 35. h3 Rda8 36. g4 Qf4 37. Bg3 Qxg3+ 0-1

[Event "Eastman cup"]
[Site "London"]
[Date "1981.04.07"]
[Round "?"]
[White "Stebbings, A."]
[Black "Ady, J."]
[Result "1/2-1/2"]
[WhiteElo "2256"]
[BlackElo "2192"]
[PlyCount "46"]
[EventDate "1981.??.??"]

1. e4 c5 2. Nf3 d6 3. d4 cxd4 4. Nxd4 Nf6 5. Nc3 a6 6. Be3 e5 7. Nb3 Be6 8. Qd2
Nbd7 9. a4 Qc7 10. Be2 Be7 11. f3 O-O 12. O-O Nb6 13. a5 Nc4 14. Bxc4 Bxc4 15.
Rfd1 Rac8 16. Nc1 d5 17. exd5 Rfd8 18. Qf2 Nxd5 19. Nxd5 Rxd5 20. Rxd5 Bxd5 21.
c3 Qd7 22. Nd3 Qf5 23. Nc5 Bxc5 1/2-1/2

[Event "County match"]
[Site "?"]
[Date "1981.04.25"]
[Round "?"]
[White "Stebbings, A."]
[Black "Hughes, S."]
[Result "1-0"]
[WhiteElo "2256"]
[BlackElo "2144"]
[PlyCount "47"]
[EventDate "1981.??.??"]

1. d4 Nf6 2. c4 g6 3. Nc3 Bg7 4. e4 O-O 5. Be3 d6 6. f3 c5 7. dxc5 dxc5 8. Qxd8
Rxd8 9. Bxc5 Nc6 10. Nd5 Nxd5 11. cxd5 Bxb2 12. Rb1 Bc3+ 13. Kf2 Bd4+ 14. Bxd4
Nxd4 15. Ke3 e5 16. f4 f6 17. fxe5 fxe5 18. Ne2 Nxe2 19. Bxe2 Rb8 20. Rhc1 b6
21. Rc7 Bb7 22. Rf1 Rdc8 23. Rff7 Rxc7 24. Rxc7 1-0

[Event "Essex league"]
[Site "?"]
[Date "1981.04.30"]
[Round "?"]
[White "Stebbings, A."]
[Black "Richmond, R."]
[Result "1-0"]
[WhiteElo "2256"]
[BlackElo "2120"]
[PlyCount "64"]
[EventDate "1981.??.??"]

1. d4 Nf6 2. c4 c5 3. Nf3 cxd4 4. Nxd4 g6 5. Nc3 Bg7 6. e4 d6 7. Be2 O-O 8. O-O
Nc6 9. Nc2 b6 10. Bg5 Bb7 11. Qd2 Rc8 12. f3 Qd7 13. Rfd1 Rfd8 14. Rac1 Ne8 15.
b3 Nc7 16. Kh1 Ne6 17. Be3 Qe8 18. f4 Nc7 19. Bf3 Ba8 20. Re1 e6 21. Bf2 Qf8
22. Bh4 Ne7 23. Nd4 e5 24. Ndb5 Nxb5 25. Nxb5 a6 26. Nc3 exf4 27. Qxf4 Be5 28.
Qe3 Rb8 29. Nd5 f6 30. Nxb6 g5 31. Bg3 Bxg3 32. hxg3 Ng6 1-0

[Event "Tournament: Charlton Open"]
[Site "?"]
[Date "1981.07.17"]
[Round "?"]
[White "Stebbings, A."]
[Black "Perkins, AD."]
[Result "1/2-1/2"]
[WhiteElo "2256"]
[BlackElo "2088"]
[PlyCount "33"]
[EventDate "1981.??.??"]

1. e4 d6 2. d4 Nf6 3. Nc3 g6 4. f4 Bg7 5. Nf3 O-O 6. Be3 Nbd7 7. h3 Nh5 8. Qd2
e5 9. fxe5 dxe5 10. d5 Ng3 11. Rg1 f5 12. exf5 gxf5 13. O-O-O e4 14. Nh2 Nxf1
15. Rdxf1 Qe7 16. Rf2 Ne5 17. Bg5 1/2-1/2

[Event "Tournament: Charlton Open"]
[Site "?"]
[Date "1981.07.18"]
[Round "?"]
[White "DeBoer, A."]
[Black "Stebbings, A."]
[Result "0-1"]
[WhiteElo "1800"]
[BlackElo "2256"]
[PlyCount "81"]
[EventDate "1981.??.??"]

1. e4 e6 2. d4 d5 3. exd5 exd5 4. Nf3 Bd6 5. Bd3 Ne7 6. O-O Bg4 7. Re1 Nbc6 8.
c3 Qd7 9. b4 O-O-O 10. a4 Rde8 11. Na3 Ng6 12. Rxe8+ Rxe8 13. Nb5 Nh4 14. Nxd6+
cxd6 15. Bg5 Bxf3 16. gxf3 Re1+ 17. Qxe1 Nxf3+ 18. Kh1 Nxe1 19. Rxe1 Qg4 20.
Be3 Ne7 21. Bf1 Nf5 22. Bg2 Nxe3 23. fxe3 Qg5 24. Kg1 f6 25. Kf2 Qh4+ 26. Kf1
Qxh2 27. Bxd5 Qd2 28. Be4 Qxc3 29. Re2 Qxb4 30. Bf5+ Kc7 31. Rc2+ Kb6 32. Rc1
Qxa4 33. Rb1+ Kc7 34. Rc1+ Kb6 35. Rb1+ Ka6 36. Bd3+ b5 37. Kf2 h6 38. Rc1 Qa2+
39. Rc2 Qd5 40. Rb2 Kb6 41. Rb4 0-1

[Event "Tournament: Charlton Open"]
[Site "?"]
[Date "1981.07.18"]
[Round "?"]
[White "Stebbings, A."]
[Black "Dighton, S."]
[Result "1-0"]
[WhiteElo "2256"]
[BlackElo "2112"]
[PlyCount "117"]
[EventDate "1981.??.??"]

1. d4 Nf6 2. c4 e6 3. Nc3 Bb4 4. e3 b6 5. Nge2 Ba6 6. Ng3 O-O 7. e4 d5 8. cxd5
Bxf1 9. Kxf1 Bxc3 10. bxc3 exd5 11. e5 Nfd7 12. Qg4 Kh8 13. Qf3 c5 14. Qxd5 Na6
15. Ba3 Nc7 16. Qb3 Ne6 17. Rd1 Qe8 18. Ne4 f5 19. Nd6 Qg6 20. f3 Nb8 21. g3
Qh5 22. Kg2 Ng5 23. Qd5 Qh3+ 24. Kf2 Na6 25. f4 Qh5 26. fxg5 f4 27. h4 Nc7 28.
g4 Qxg4 29. Qf3 Qe6 30. Rd2 Nd5 31. Qh3 Qe7 32. Qf3 Ne3 33. Bc1 cxd4 34. cxd4
Qc7 35. Re2 Qc3 36. Bb2 Qd3 37. Ba1 Nd1+ 38. Kg2 Qb1 39. Rd2 Ne3+ 40. Kh2 Qb4
41. Qe2 Ng4+ 42. Kh3 f3 43. Qd3 h5 44. Bc3 Qa4 45. Qg6 Rf4 46. Qxh5+ Kg8 47. e6
Ne3 48. e7 Qd7+ 49. Kg3 Qxe7 50. Kxf4 Rf8+ 51. Kg3 f2 52. Nf7 f1=Q 53. Rxf1
Nxf1+ 54. Kg2 Nxd2 55. g6 Qb7+ 56. d5 Rxf7 57. gxf7+ Qxf7 58. Qxf7+ Kxf7 59.
Bxd2 1-0

[Event "Tournament: Charlton Open"]
[Site "?"]
[Date "1981.07.18"]
[Round "?"]
[White "O'Brien, R."]
[Black "Stebbings, A."]
[Result "1-0"]
[WhiteElo "2040"]
[BlackElo "2256"]
[PlyCount "81"]
[EventDate "1981.??.??"]

1. d4 Nf6 2. c4 g6 3. Nc3 d5 4. cxd5 Nxd5 5. Bd2 Bg7 6. e3 O-O 7. Rc1 Nb6 8.
Be2 Nc6 9. Nf3 e5 10. dxe5 Nxe5 11. Nxe5 Bxe5 12. Qc2 c6 13. b3 Re8 14. Rd1 Qe7
15. O-O Be6 16. Bf3 Rad8 17. e4 Qh4 18. h3 Bxh3 19. Rfe1 Bc8 20. Ne2 f5 21. g3
Qf6 22. Ba5 Rxd1 23. Rxd1 Rd8 24. Rxd8+ Qxd8 25. Qc5 Bf6 26. e5 Qe7 27. Bxb6
axb6 28. Qc4+ Be6 29. exf6 Qxf6 30. Qd4 Qe7 31. Qxb6 h5 32. Qe3 Qf6 33. Qd4 Qe7
34. Qe5 Qd7 35. Nf4 Bf7 36. Be2 b5 37. Nd3 Bd5 38. Qf6 Kh7 39. Nf4 Bf7 40. Bf3
c5 41. Bc6 1-0

[Event "Tournament: Charlton Open"]
[Site "?"]
[Date "1981.07.19"]
[Round "?"]
[White "Stebbings, A."]
[Black "Thompson, I."]
[Result "0-1"]
[WhiteElo "2256"]
[BlackElo "2112"]
[PlyCount "56"]
[EventDate "1981.??.??"]

1. d4 e6 2. e4 d5 3. Nd2 Nf6 4. e5 Nfd7 5. f4 c5 6. c3 Nc6 7. Ndf3 Qa5 8. a3 c4
9. Ne2 Be7 10. g4 h5 11. gxh5 Rxh5 12. Ng3 Rh8 13. f5 Nf8 14. fxe6 Bxe6 15. Bg5
f6 16. exf6 gxf6 17. Be3 Bd6 18. Bg2 O-O-O 19. Qc2 Ne7 20. Qf2 Nfg6 21. Nd2 f5
22. Bg5 f4 23. Ngf1 Rde8 24. Nf3 Bf5 25. O-O-O Bxa3 26. Rd2 Qxc3+ 27. Kd1 Qb3+
28. Ke1 Bb4 0-1

[Event "Tournament: Charlton Open"]
[Site "?"]
[Date "1981.07.19"]
[Round "?"]
[White "McAllan, I."]
[Black "Stebbings, A."]
[Result "1/2-1/2"]
[WhiteElo "2016"]
[BlackElo "2256"]
[PlyCount "56"]
[EventDate "1981.??.??"]

1. e4 e6 2. Nf3 d5 3. Nc3 Nf6 4. e5 Nfd7 5. d4 c5 6. dxc5 Nc6 7. Bf4 Bxc5 8.
Bd3 f6 9. exf6 Nxf6 10. O-O O-O 11. Ne5 Bd7 12. Nxc6 Bxc6 13. Be5 d4 14. Bxf6
Rxf6 15. Ne4 Rg6 16. Qh5 Bd6 17. f4 Rh6 18. Qg5 Qf8 19. Ng3 Re8 20. Rae1 Kh8
21. Be4 Bxe4 22. Rxe4 Bc5 23. Kh1 Rf6 24. Rfe1 g6 25. Qe5 Kg8 26. Ne2 Rf5 27.
Qc7 Rf7 28. Qe5 Rf5 1/2-1/2

[Event "Tournament: Lloyds Bank Masters"]
[Site "London"]
[Date "1981.08.25"]
[Round "?"]
[White "McCambridge, V."]
[Black "Stebbings, A."]
[Result "1-0"]
[WhiteElo "2352"]
[BlackElo "2256"]
[PlyCount "63"]
[EventDate "1981.??.??"]

1. e4 e6 2. d4 d5 3. Nd2 Nf6 4. e5 Nfd7 5. f4 c5 6. c3 Nc6 7. Ndf3 Qa5 8. Be3
cxd4 9. Nxd4 Nxd4 10. Bxd4 Nb8 11. Nf3 Bd7 12. a4 Nc6 13. Be3 Be7 14. Bd3 Qc7
15. O-O O-O 16. Qc2 h6 17. Qf2 f6 18. Qg3 f5 19. b4 Kh7 20. Rac1 Rac8 21. Nh4
Be8 22. Qh3 g6 23. g4 Bd7 24. Kh1 d4 25. cxd4 Qd8 26. Nxg6 Kxg6 27. Qh5+ Kh7
28. g5 Nxe5 29. Qxh6+ Kg8 30. g6 Nxg6 31. Qxg6+ Kh8 32. Qh6+ 1-0

[Event "Tournament: Lloyds Bank Masters"]
[Site " London"]
[Date "1981.08.26"]
[Round "?"]
[White "Stebbings, A."]
[Black "Milnes, A."]
[Result "1/2-1/2"]
[WhiteElo "2256"]
[BlackElo "2096"]
[PlyCount "70"]
[EventDate "1981.??.??"]

1. e4 e6 2. d4 d5 3. Nd2 Nf6 4. e5 Nfd7 5. f4 c5 6. c3 Nc6 7. Ndf3 Qb6 8. g3
Be7 9. Ne2 O-O 10. Bh3 cxd4 11. cxd4 Qa6 12. O-O Nb6 13. Rf2 Nb4 14. Ne1 Bd7
15. Bf1 Bb5 16. Rf3 Nd7 17. a4 f6 18. Bd2 Bc4 19. b3 Bxe2 20. Bxe2 Qb6 21. Be3
fxe5 22. fxe5 Rxf3 23. Nxf3 Rc8 24. Rc1 Qd8 25. Qd2 Nf8 26. Bg5 Bxg5 27. Nxg5
Rxc1+ 28. Qxc1 h6 29. Nf3 Qb6 30. Qc3 Nc6 31. Kf2 Qb4 32. Qxb4 Nxb4 33. Ke3 Kf7
34. Kd2 Ng6 35. Ne1 Ne7 1/2-1/2

[Event "Tournament: Lloyds Bank Masters"]
[Site "London"]
[Date "1981.08.27"]
[Round "?"]
[White "Botterill, G."]
[Black "Stebbings, A."]
[Result "1-0"]
[WhiteElo "2416"]
[BlackElo "2256"]
[PlyCount "72"]
[EventDate "1981.??.??"]

1. d4 Nf6 2. c4 g6 3. Nc3 d5 4. cxd5 Nxd5 5. e4 Nxc3 6. bxc3 Bg7 7. Bc4 c5 8.
Ne2 Nc6 9. Be3 O-O 10. O-O Qc7 11. Rc1 Rd8 12. Bf4 Qd7 13. dxc5 Qe8 14. Bd5 Bd7
15. Qc2 Bf8 16. Be3 e6 17. Bb3 Rdc8 18. Ng3 Na5 19. e5 Bc6 20. Rfd1 Be7 21. Rd6
b6 22. cxb6 Bxd6 23. exd6 axb6 24. Bxb6 Nxb3 25. axb3 Bxg2 26. Ne4 Qc6 27. Nf6+
Kg7 28. Bd4 Ra5 29. f4 Bh3 30. Qe4 Qa6 31. c4 Bf5 32. Qe1 Ra8 33. Qh4 e5 34.
fxe5 h6 35. e6 Ra2 36. Ng4+ Kf8 1-0

[Event "Tournament: Lloyds Bank Masters"]
[Site "London"]
[Date "1981.08.28"]
[Round "?"]
[White "Stebbings, A."]
[Black "Dyson, A."]
[Result "1-0"]
[WhiteElo "2256"]
[BlackElo "2056"]
[PlyCount "93"]
[EventDate "1981.??.??"]

1. d4 f5 2. Bg5 g6 3. Nc3 d5 4. e3 Bg7 5. Qd2 c6 6. O-O-O Nd7 7. Nh3 h6 8. Bh4
g5 9. Bg3 Ngf6 10. f3 Nf8 11. Nf2 Nh5 12. Ne2 Bd7 13. Nd3 Nxg3 14. Nxg3 h5 15.
h4 g4 16. Nf4 e5 17. Nfxh5 Bf6 18. fxg4 Bxh4 19. Ng7+ Kf7 20. N7xf5 Ng6 21. Be2
Bxg3 22. Nxg3 Qg5 23. Rdf1+ Kg8 24. Rxh8+ Kxh8 25. Rh1+ Kg8 26. Rh5 Qf6 27.
dxe5 Nxe5 28. Qd4 Re8 29. Qf4 Qxf4 30. exf4 Ng6 31. Rg5 Kf7 32. Bd3 Nxf4 33.
Bf5 Re5 34. Nh5 Nxh5 35. Rxh5 Re7 36. Rh7+ Kf8 37. Rxe7 Kxe7 38. Bxd7 Kxd7 39.
Kd2 Ke6 40. Ke3 Ke5 41. c3 b6 42. a4 c5 43. Kf3 a6 44. Ke3 b5 45. a5 Kf6 46. b4
d4+ 47. Kd3 1-0